| 000 | 01050nam a2200277Ia 4500 | ||
|---|---|---|---|
| 001 | Para_10003 | ||
| 003 | CHAP | ||
| 008 | 220125sJuni xx 000 0 und d | ||
| 010 | _a208633 | ||
| 040 | _cCHAP | ||
| 090 | _aPA CD - TESIS 84 | ||
| 100 |
_aRoldán Néstor, Ofelia _999428 |
||
| 245 |
_aEvaluación del efecto de programas de manejo del Moho gris ( Botrytis cinerea Pers.) en precosecha en la incidencia en poscosecha en zarzamora en el estado de Michoacán / _c Ofelia Rodán Néstor; Director Ángel Rebollar Alviter |
||
| 260 |
_aChapingo, Méx. : _b el autor |
||
| 300 | _a1 CDS ROM (69 p.) | ||
| 502 | _aTesis (Ing. Agr. Esp. en Parasitología Agrícola). UACh. Departamento Parasitología Agrícola | ||
| 700 |
_aRebollar Alviter, Ángel. Director _9175068 |
||
| 710 |
_aUACh. Departamento Parasitología Agrícola _9164025 |
||
| 901 | _aPA CD - TESIS 84 | ||
| 902 | _aM | ||
| 905 | _a513220Junio, 2011 amn 8100000000 06 | ||
| 910 | _aJuni | ||
| 942 | _cPARA | ||
| 942 |
_cPARA _d2 |
||
| 999 |
_c208633 _d208633 |
||